00533nam a2200169 a 4500008004100000020001800041050001700059100002100076245006800097250001200165260004700177300003400224350000900258500001900267650003800286650003900324100720s2007 ||||||||||||||||| || u a9780716776949 aQD 101.2 Har aHarris, Daniel C10aQuantitative chemical analysis. -- 7th ed.cby Daniel C. Harris a7th ed. aNew York:bW. H. Freeman and Companyc2007 axvii, [various pagings]: ill. a0.00 aIncludes Index aCHEMISTRY, ANALYTIC--QUANTITATIVE 0aCHEMISTRY--HANDBOOKS, MANUALS, ETC